| 000 | 00576cam a22002054a 4500 | ||
|---|---|---|---|
| 005 | 20250605164237.0 | ||
| 008 | 250528s ||||||||||||||||||||||||d | ||
| 035 | _a21206 | ||
| 020 | _a9780521671002 | ||
| 040 |
_aGR-AtMCL _bgre _dGR-AtMCL _eAACR2 |
||
| 245 | 1 | _aThe Cambridge Dictionary of Psychology | |
| 250 | _a1st | ||
| 260 |
_bCambridge University Press, _c2009 |
||
| 300 | _a588 | ||
| 520 | _aA thorough, up-to-date compendium of Psychology's technical nomenclature. | ||
| 700 | 1 |
_aMatsumoto David _97228 |
|
| 942 | _cBK | ||
| 999 |
_c6273 _d6273 |
||